00290nam a2200145Ia 4500100001600000650001100016250000600027366000700033654001100040245002900051260002800080082001600108300000800124546001200132 aShaw/Zed A  aPython a3 f20 apython aLearn Python the hardway bPearson Educationc2017 a5.133bSHAW a287 aENGLISH